Oxford AQA GCSE maths : (Record no. 7280)
[ view plain ]
| 000 -LEADER | |
|---|---|
| fixed length control field | 00682nam a22002177a 4500 |
| 003 - CONTROL NUMBER IDENTIFIER | |
| control field | OSt |
| 005 - DATE AND TIME OF LATEST TRANSACTION | |
| control field | 20140310181929.0 |
| 008 - FIXED-LENGTH DATA ELEMENTS--GENERAL INFORMATION | |
| fixed length control field | 130722t xxu||||| |||| 00| 0 eng d |
| 050 ## - LIBRARY OF CONGRESS CALL NUMBER | |
| Classification number | QA 37.2 |
| Item number | .C241 2011 |
| 082 ## - DEWEY DECIMAL CLASSIFICATION NUMBER | |
| Classification number | TR 510 |
| Item number | C241fpm 2011 |
| 100 ## - MAIN ENTRY--PERSONAL NAME | |
| Personal name | Dave Capewell |
| 9 (RLIN) | 2570 |
| 245 ## - TITLE STATEMENT | |
| Title | Oxford AQA GCSE maths : |
| Remainder of title | foundation plus modular / |
| Statement of responsibility, etc | Dave Capewell |
| 260 ## - PUBLICATION, DISTRIBUTION, ETC. (IMPRINT) | |
| Place of publication, distribution, etc | Oxford UK. |
| Name of publisher, distributor, etc | Oxford University Press. |
| Date of publication, distribution, etc | c2011. |
| 300 ## - PHYSICAL DESCRIPTION | |
| Extent | 448 p. |
| Other physical details | ill. ; (some col.) ; |
| Dimensions | 25 cm. |
| 520 ## - SUMMARY, ETC. | |
| Summary, etc | Faculty |
| 541 ## - IMMEDIATE SOURCE OF ACQUISITION NOTE | |
| -- | 1 |
| 562 ## - COPY AND VERSION IDENTIFICATION NOTE | |
| Number of copies | 1 |
| 650 ## - SUBJECT ADDED ENTRY--TOPICAL TERM | |
| Topical term or geographic name as entry element | Mathematics |
| General subdivision | Examinations. |
| -- | Study guides. |
| 9 (RLIN) | 2571 |
| 650 ## - SUBJECT ADDED ENTRY--TOPICAL TERM | |
| Topical term or geographic name as entry element | Mathematics |
| General subdivision | Problems, exercises, etc. |
| 9 (RLIN) | 2572 |
| 942 ## - ADDED ENTRY ELEMENTS (KOHA) | |
| Source of classification or shelving scheme | Library of Congress Classification |
| Koha item type | |
| Call number prefix | |
| Withdrawn status | Lost status | Source of classification or shelving scheme | Damaged status | Home library | Current library | Shelving location | Date acquired | Total Checkouts | Full call number | Barcode | Date last seen | Copy number | Price effective from | Koha item type |
|---|---|---|---|---|---|---|---|---|---|---|---|---|---|---|
| Library of Congress Classification | Luxembourg Library | Luxembourg Library | Teachers Reference Section | 07/22/2013 | QA 37.2 .C241 2011 | 19439 | 08/13/2013 | 1 | 07/22/2013 | Books |